Loading...
Poet's prose : the crisis in American verse /
| Main Author: | |
|---|---|
| Format: | Printed Book |
| Language: | English |
| Published: |
Cambridge [England] ; New York :
Cambridge University Press,
1990.
|
| Edition: | 2nd ed. |
| Subjects: | |
| Online Access: | http://www.loc.gov/catdir/toc/cam029/90036663.html http://www.loc.gov/catdir/description/cam024/90036663.html |
| LEADER | 01429cam a2200313 a 4500 | ||
|---|---|---|---|
| 008 | 900412s1990 enk b 001 0 eng | ||
| 010 | |a 90036663 | ||
| 020 | |a 0521390982 | ||
| 020 | |a 0521399947(pbk.) | ||
| 043 | |a n-us--- | ||
| 082 | 0 | 0 | |a 811.509 FRE/P |2 20 |
| 100 | 1 | |a Fredman, Stephen, | |
| 245 | 1 | 0 | |a Poet's prose : |b the crisis in American verse / |c Stephen Fredman. |
| 250 | |a 2nd ed. | ||
| 260 | |a Cambridge [England] ; |a New York : |b Cambridge University Press, |c 1990. | ||
| 300 | |a xvi, 194 p. ; |c 24 cm. | ||
| 504 | |a Includes bibliographical references (p. 162-189) and index. | ||
| 600 | 1 | 0 | |a Ashbery, John, |d 1927- |x Criticism and interpretation. |
| 600 | 1 | 0 | |a Creeley, Robert, |d 1926-2005. |t Presences. |
| 600 | 1 | 0 | |a Williams, William Carlos, |d 1883-1963. |t Kora in hell. |
| 650 | 0 | |a American poetry |y 20th century |x History and criticism. | |
| 650 | 0 | |a Prose poems, American |x History and criticism. | |
| 856 | 4 | 1 | |u http://www.loc.gov/catdir/toc/cam029/90036663.html |
| 856 | 4 | 2 | |u http://www.loc.gov/catdir/description/cam024/90036663.html |
| 906 | |a 7 |b cbc |c orignew |d 1 |e ocip |f 19 |g y-gencatlg | ||
| 942 | |c BK | ||
| 955 | |a pc14 to bc00 04-12-90 to bg00 04-13-90; bg16 to SCD 04-13-90; fd11 04-16-90; fn03 04-19-9; CIP ver. bd01 to SL 05-20-91 | ||
| 999 | |c 201083 |d 201083 | ||
| 952 | |0 0 |1 0 |4 0 |6 811_509000000000000_FRE_P |7 0 |9 222562 |a ENG |b ENG |c ST1 |d 2017-08-17 |i 14167 |l 0 |o 811.509 FRE/P |p ENG14167 |r 2017-08-17 |w 2017-08-17 |y BK | ||